| 000 | 02401cam a2200553 i 4500 | ||
|---|---|---|---|
| 001 | sjds2146834 | ||
| 003 | sjds | ||
| 005 | 20200831112220.0 | ||
| 008 | 170623t20182018maua b 000 1 spa | ||
| 010 | _a 2017015671 | ||
| 020 | _a9781328904065 | ||
| 020 | _a1328904067 | ||
| 035 |
_a(OCoLC)1005831582 _z(OCoLC)994634904 _z(OCoLC)1011446926 |
||
| 035 | _a(OCoLC)on1005831582 | ||
| 035 | _a2076455 | ||
| 035 | _a2076455 | ||
| 040 |
_aDLC _beng _erda _cDLC _dBTCTA _dOCLCO _dCHILD _dOCLCA _dLB9 _dJOV _dUAP _dJED _dGK8 _dTXMAL _dQQ3 _dIXA _dVP@ _dSAP _dMPLBT _dOCLCF _dIFA |
||
| 041 | 1 |
_aspa _heng |
|
| 042 |
_alcac _apcc |
||
| 049 | _aIFAA | ||
| 099 | _f2018 | ||
| 999 |
_c24768 _d24768 |
||
| 999 | _bESPANOL PICTURE BOOKS CAMPOY 2018 | ||
| 100 | 1 |
_aCampoy, F. Isabel, _eauthor. |
|
| 240 | 1 | 0 |
_aMaybe something beautiful. _lSpanish |
| 245 | 1 | 0 |
_aQuizás algo hermoso : _bcómo el arte transformó un barrio / _cpor F. Isabel Campoy y Theresa Howell ; illustrado por Rafael López. |
| 260 |
_aNew York : _bHoughton Mifflin Harcourt, _cc2018 |
||
| 264 | 1 |
_aBoston ; _aNew York : _bHoughton Mifflin Harcourt, _c[2018] |
|
| 264 | 4 | _cc2018 | |
| 300 |
_a1 volume (unpaged) : _bcolor illustrations ; _c26 cm |
||
| 336 |
_atext _btxt _2rdacontent |
||
| 336 |
_astill image _bsti _2rdacontent |
||
| 337 |
_aunmediated _bn _2rdamedia |
||
| 338 |
_avolume _bnc _2rdacarrier |
||
| 520 | _aViendo lo que Mira y sus vecinos descubren, Más de lo que nunca pudo imaginarse! Basado en una historia real, "Quizás algo hermoso" nos revela cómo el arte puede inspirar la transformación -- y cómo incluso la más pequeña artista puede llegar a conseguir algo grande. Toma un pincel y únete a la celebración!--Front flap of dust jacket. | ||
| 526 | 0 |
_aAccelerated Reader AR _bLG _c2.4 _d0.5 _z181493. |
|
| 546 | _aIn Spanish. En Español. | ||
| 650 | 0 |
_aNeighborhoods _vJuvenile fiction. |
|
| 650 | 0 |
_aCity and town life _vJuvenile fiction. |
|
| 650 | 0 |
_aMural painting and decoration _vJuvenile fiction. |
|
| 650 | 0 |
_aHispanic Americans _vJuvenile fiction. |
|
| 650 | 7 |
_aVecindad _vNovela juvenil. _2bidex |
|
| 650 | 7 |
_aBarrios _vNovela juvenil. _2bidex |
|
| 650 | 7 |
_aVida urbana _vNovela juvenil. _2bidex |
|
| 650 | 7 |
_aPintura mural _vNovela juvenil. _2bidex |
|
| 650 | 7 |
_aHispanoestadounidenses _vNovela juvenil. _2bidex |
|
| 700 | 1 |
_aHowell, Theresa, _d1974- _eauthor. |
|
| 700 | 1 |
_aLópez, Rafael, _d1961- _eillustrator. |
|
| 942 | _cBK | ||